| 000 | 00668nam a22002297a 4500 | ||
|---|---|---|---|
| 005 | 20170124105937.0 | ||
| 010 | _a787496 | ||
| 020 | _c00.00 | ||
| 035 | _a787496 | ||
| 037 | _bCen Lib/Ret | ||
| 040 |
_aDPL _bEN |
||
| 082 |
_a220.21 _2AGU |
||
| 100 |
_aAguilar,H. _991260 |
||
| 245 |
_aThe secrifice in the rgveda : _cby Aguilar H. _bdoctrinal aspects / |
||
| 260 |
_aDelhi _bBhartiya vidya prakashan _c1976 |
||
| 270 |
_a1,U.B.Jawahar nagar bungalow road _bDelhi _e110007 |
||
| 300 |
_a222p. _c21cm(Hb) |
||
| 500 | _aIncludes index | ||
| 650 |
_aHindu religion _991261 |
||
| 650 |
_aVadic religion _991262 |
||
| 942 |
_2ddc _cEN _h220.21 _mAGU |
||
| 999 |
_c124272 _d124272 |
||